Spincy spider / (Record no. 57696)
[ view plain ]
| 000 -LEADER | |
|---|---|
| fixed length control field | 01564nam a22002897a 4500 |
| 005 - DATE AND TIME OF LATEST TRANSACTION | |
| control field | 20111017112414.0 |
| 010 ## - LCCN (DPL NO) | |
| LC control number | B-444475-479 |
| 020 ## - INTERNATIONAL STANDARD BOOK NUMBER | |
| International Standard Book Number | 8182631564 |
| Terms of availability | 20.00 |
| 020 ## - INTERNATIONAL STANDARD BOOK NUMBER | |
| International Standard Book Number | 9788182631564 |
| Terms of availability | 20.00 |
| 035 ## - SYSTEM CONTROL NUMBER | |
| System control number | B-444475-479 |
| 037 ## - SOURCE OF ACQUISITION | |
| Stock number | DPL |
| Source of stock number/acquisition | Blue Berry/Ven |
| 082 ## - DEWEY DECIMAL CLASSIFICATION NUMBER | |
| Classification number | S |
| 100 ## - MAIN ENTRY--PERSONAL NAME | |
| Personal name | Ohri, Herminder |
| 245 ## - TITLE STATEMENT | |
| Title | Spincy spider / |
| Statement of responsibility, etc | written & illustrated by Herminder Ohri; |
| 250 ## - EDITION STATEMENT | |
| Edition statement | 4th |
| 260 ## - PUBLICATION, DISTRIBUTION, ETC. (IMPRINT) | |
| Place of publication, distribution, etc | New Delhi |
| Name of publisher, distributor, etc | Pratham Books |
| Date of publication, distribution, etc | 2011 |
| 270 ## - ADDRESS | |
| Address | 633-634,4th "C" Main,6th 'B' Cross, OMBR Layout Banaswadi, |
| City | Bangalore |
| Postal code | 560043 |
| Telephone number | 911141042483 (New Delhi) |
| 300 ## - PHYSICAL DESCRIPTION | |
| Extent | 13p. |
| Other physical details | ill. |
| Dimensions | 22 cm.(pbk) |
| 700 ## - ADDED ENTRY--PERSONAL NAME | |
| 9 (RLIN) | 35533 |
| 942 ## - ADDED ENTRY ELEMENTS (KOHA) | |
| Source of classification or shelving scheme | Dewey Decimal Classification |
| Item type | Children Books |
| Classification part | S |
| Call number suffix | OHR |
| Withdrawn status | Lost status | Not for loan | Collection code | Home library | Current library | Date acquired | Source of acquisition | Cost, normal purchase price | Full call number | Barcode | Copy number | Cost, replacement price | Koha item type |
|---|---|---|---|---|---|---|---|---|---|---|---|---|---|
| Fiction | Central Library | Central Library | 19/12/2011 | Blueberry /7041/29.9.2011/83/21.3.2011/12.10.2011 | 20.00 | S OHR | B-444475 | 1 | 20.00 | Children Books | |||
| Fiction | Karol Bagh | Karol Bagh | 19/12/2011 | Blueberry /7041/29.9.2011/83/21.3.2011/12.10.2011 | 20.00 | S OHR | B-444478 | 1 | 20.00 | Children Books | |||
| Fiction | Patel Nagar | Patel Nagar | 19/12/2011 | Blueberry /7041/29.9.2011/83/21.3.2011/12.10.2011 | 20.00 | S OHR | B-444476 | 1 | 20.00 | Children Books | |||
| Fiction | Sarojini Nagar | Sarojini Nagar | 19/12/2011 | Blueberry /7041/29.9.2011/83/21.3.2011/12.10.2011 | 20.00 | S OHR | B-444477 | 1 | 20.00 | Children Books | |||
| Lost and Paid For | Fiction | Shahdara Branch | Shahdara Branch | 19/12/2011 | Blueberry /7041/29.9.2011/83/21.3.2011/12.10.2011 | 20.00 | S OHR | B-444479 | 1 | 20.00 | Children Books |
